Scott Foresman reading / (Record no. 13996)

000 -LEADER
fixed length control field 01430cam a2200481 a 4500
020 ## - INTERNATIONAL STANDARD BOOK NUMBER
ISBN 0673596370 (Gr. 1.2)
020 ## - INTERNATIONAL STANDARD BOOK NUMBER
ISBN 9780673596376 (Gr. 1.2)
020 ## - INTERNATIONAL STANDARD BOOK NUMBER
ISBN 0673596389 (Gr. 1.3)
020 ## - INTERNATIONAL STANDARD BOOK NUMBER
ISBN 9780673596383 (Gr. 1.3)
020 ## - INTERNATIONAL STANDARD BOOK NUMBER
ISBN 0673596397 (Gr. 1.4)
020 ## - INTERNATIONAL STANDARD BOOK NUMBER
ISBN 9780673596390 (Gr. 1.4)
020 ## - INTERNATIONAL STANDARD BOOK NUMBER
ISBN 0673596400 (Gr. 1.5)
020 ## - INTERNATIONAL STANDARD BOOK NUMBER
ISBN 9780673596406 (Gr. 1.5)
020 ## - INTERNATIONAL STANDARD BOOK NUMBER
ISBN 0673596753 (Gr. 1.6)
020 ## - INTERNATIONAL STANDARD BOOK NUMBER
ISBN 9780673596758 (Gr. 1.6)
020 ## - INTERNATIONAL STANDARD BOOK NUMBER
ISBN 0673596419 (Gr. 2.1)
020 ## - INTERNATIONAL STANDARD BOOK NUMBER
ISBN 9780673596413 (Gr. 2.1)
020 ## - INTERNATIONAL STANDARD BOOK NUMBER
ISBN 0673596427 (Gr. 2.2)
020 ## - INTERNATIONAL STANDARD BOOK NUMBER
ISBN 9780673596420 (Gr. 2.2)
020 ## - INTERNATIONAL STANDARD BOOK NUMBER
ISBN 0673596435 (Gr. 3.1)
020 ## - INTERNATIONAL STANDARD BOOK NUMBER
ISBN 9780673596437 (Gr. 3.1)
020 ## - INTERNATIONAL STANDARD BOOK NUMBER
ISBN 0673596443 (Gr. 3.2)
020 ## - INTERNATIONAL STANDARD BOOK NUMBER
ISBN 9780673596444 (Gr. 3.2)
020 ## - INTERNATIONAL STANDARD BOOK NUMBER
ISBN 0673596451 (Gr. 4)
020 ## - INTERNATIONAL STANDARD BOOK NUMBER
ISBN 9780673596451 (Gr. 4)
020 ## - INTERNATIONAL STANDARD BOOK NUMBER
ISBN 0673596478 (Gr. 5)
020 ## - INTERNATIONAL STANDARD BOOK NUMBER
ISBN 9780673596475 (Gr. 5)
020 ## - INTERNATIONAL STANDARD BOOK NUMBER
ISBN 0673596494 (Gr. 6)
020 ## - INTERNATIONAL STANDARD BOOK NUMBER
ISBN 9780673596499 (Gr. 6)
040 ## - CATALOGING SOURCE
Transcribing agency GO4
082 ## - DEWEY DECIMAL CLASSIFICATION NUMBER
Classification number 428 SCO 2000 A024 Or.
245 00 - TITLE STATEMENT
Title Scott Foresman reading /
246 30 - VARYING FORM OF TITLE
Title proper/short title Reading
260 ## - PUBLICATION, DISTRIBUTION, ETC. (IMPRINT)
Place of publication Glenview, Ill. :
Name of publisher Scott Foresman,
Year of publication 2000.
300 ## - PHYSICAL DESCRIPTION
Number of Pages v. :
Other physical details col. ill. ;
Dimensions 29 cm.
650 #0 - SUBJECT ADDED ENTRY--TOPICAL TERM
Topical Term Readers (Elementary)
650 #0 - SUBJECT ADDED ENTRY--TOPICAL TERM
Topical Term Readers (Primary)
650 #0 - SUBJECT ADDED ENTRY--TOPICAL TERM
Topical Term Reading (Elementary)
650 #0 - SUBJECT ADDED ENTRY--TOPICAL TERM
Topical Term Reading (Primary)
700 1# - ADDED ENTRY--PERSONAL NAME
Personal name Afflerbach, Peter.
710 2# - ADDED ENTRY--CORPORATE NAME
Corporate name or jurisdiction name as entry element Scott, Foresman and Company.
942 ## - ADDED ENTRY ELEMENTS (KOHA)
Koha item type សៀវភៅភាសាអង់គ្លេស
952 ## - LOCATION AND ITEM INFORMATION (KOHA)
Withdrawn status [LOCAL, KOHA] 0
Holdings
Permanent Location Date acquired Koha item type Lost status Shelving location Barcode Current Location Full call number
Library Block A2017-10-04សៀវភៅភាសាអង់គ្លេស A024A22520Library Block A428 SCO 2000 A024 Or.
មជ្ឈមណ្ឌលឯការនៃសាកលវិទ្យាល័យភូមិន្ទកសិកម្មចំការដូង

Powered by Koha